000 03226aam a2200385 i 4500
001 768714001
003 CO-MdFUSB
005 20231020155959.0
007 ta
008 231002t20222023ck a||ag |||| 00| 0 spa d
020 _a9798985999433
040 _aCO-MdFUSB
_bspa
_cCO-MdFUSB
_dCO-MdFUSBC
_erda
041 _aspa
_heng
082 _223
_a253
_bAN552
100 _aAnderson Umaña, Lisa
_eautor
245 _aVoces latinoamericanas sobre el liderazgo :
_bcómo surgieron y crecieron
_c/ Lisa Marie Anderson Umaña ; traducido por Milamex Ediciones ; prólogo James Plueddemann
246 _aHallazgos basados en investigación
_bvoces latinoamericanas sobre el liderazgo. Cómo surgieron y crecieron
250 _aprimera edición en inglés
264 1 _aColombia :
_bNuevos Senderos Publicaciones,
_c[2023]
264 4 _c©2023
300 _a216 páginas
_c; 28 cm
336 _2rdacontent
_atexto
_btxt
337 _2rdamedia
_asin mediación
_bn
338 _2rdacarrier
_avolumen
_bnc
500 _aHallazgos basados en investigación solamente se encuentra en la pasta
505 _aCapítulo 1. Travesías personales de liderazgo -- Capítulo 2. El rol que desempeña la cultura en el liderazgo -- Capítulo 3. Acompañamiento -- Capítulo 4. Abrir espacios -- Capítulo 5. Crear experiencias formativas -- Capítulo 6. Promover el autodesarrollo del liderazgo desde el inicio.
520 _a¿Le resulta difícil formar nuevos líderes para las congregaciones, los ministerios y las organizaciones a las que sirve? Si usted es de los que piensa que los líderes se pueden producir a ravé s de cursos de capacitación y charlas, ¡se va a llevar una sorpresa! Escuche las voces de un grupo selecto de líderes latinoamericanos que comparten cómo surgieron y crecieron. Aprenda de sus historias. La autora, que es norteamericana, ha vivido en América Latina por más de 40 años y aporta perspectivas interesantes como extranjera. Entre otros hallazgos de su investigación, hace notar el impacto que ejerce la cultura sobre el surgimiento y desarrollo de los líderes. Con base en su investigación doctoral, Anderson comparte historias de líderes latinoamericanos, identifica los valores culturales que los moldearon y aconseja cuándo ceder a los valores culturales y cuándo tomar medidas correctivas. El lector ampliará su comprensión del liderazgo y su aprecio por la cultura latinoamericana. Anderson sugiere cuatro procesos específicos en los que usted puede coparticipar con Dios para ayudar a los líderes a surgir y crecer: - Acompañarlos - Abrirles espacios para que sirvan - Crear experiencias formativas - Promover el autodesarrollo desde el principio Para ayudarle a aprovechar este material al máximo, la autora ha incluido al final de cada capítulo una serie de ejercicios de reflexión personal y en equipo, que le guiará n en su viaje de liderazgo y le ayudarán a elaborar planes de acción concretos.
563 _aRústico
650 7 _2embne
_97265
_aLiderazgo
700 _aMilamex Ediciones,
_etraductor
_98558
700 _98559
_aMacGowan, Lauren,
_eeditor
700 _aPlueddemann, James E.,
_eprologuista
_98160
942 _cBK
945 _asor1564
999 _c69085
_d69085